000 00603nam a2200169 i 4500
001 39336
003 ES-MaACL
005 20230906155941.0
007 t|
008 030227s1971 sp ||||1| spa d
100 1 _aCameron, Rondo E.
_934066
245 1 0 _aFrancia y el desarrollo económico de Europa, 1800-1914
_b: conquistas de la paz y semillas de la guerra /
_cRondo E. Cameron ; [traducción por Carlos Fernández Pulgar].
260 _aMadrid :
_bTecnos,
_c[1971]
300 _a534 p. :
_b1 map. ;
_c24 cm.
700 1 _aFernández Pulgar, Carlos.
_950015
852 _aES-MaACL
_jC-38206
_bR.77381
999 _c39336
_d39336